| 000 | 00598nam a2200193Ia 4500 | ||
|---|---|---|---|
| 003 | LDD | ||
| 008 | 181029s9999 xx 000 0 und d | ||
| 020 |
_a9780198068457 _c850.00 |
||
| 040 | _cLDD | ||
| 100 | _aChand, Vikram K. | ||
| 245 | 0 |
_aPublic service delivery in India _bunderstanding the reform process _cVikram K. Chand |
|
| 260 |
_aNew Delhi _bOxford University Press _c2010 |
||
| 300 | _axiii,389p. | ||
| 365 | _b850.00 | ||
| 901 |
_a7023 _b08-02-2011 |
||
| 902 |
_aI-1168 _b14-02-2011 _cF _dAAKAR _e35 |
||
| 903 |
_aDiscount-15 _bReqst by : Uma Medury |
||
| 942 |
_2ddc _cBK |
||
| 999 |
_c95437 _d95437 |
||